000 00365nam a2200145 i 4500
001 bg
100 1 _aŁOPUSKI, Jan
245 0 _aMiędzynarodowe organizacje morskie /
_cJan Łopucki, Janusz Symonides.
260 _aGdańsk,
_c1978.
700 1 _aSYMONIDES, Janusz
040 _cBPK
041 _apol
942 _cKS
008 s pl f |000 0 pol
999 _c17869
_d17869
856 _uhttp://koha.tu.koszalin.pl/cgi-bin/koha/opac-detail.pl?biblionumber=17869
_yKatalog online BPK